000 00619nam a2200253Ia 4500
005 20260121155416.0
008 008 260114s9999 xx 000 0 eng d
020 _a9780429326837
037 _aEBOOK
040 _aCRL
040 _beng
040 _cCRL
041 _2eng
041 _aeng
084 _qCRL
100 _a Nick Ridley
_91019151
245 0 _aMaurits of Nassau and the Survival of the Dutch Revolt
260 _bTaylor and Francis
260 _c2020
856 _uhttp://www.taylorfrancis.com/books/9780429326837
942 _cEBOOK
999 _c1585970
_d1585970